[Event "Titled Tuesday intern op 02nd Apr Early"]
[Site "Chess.com INT"]
[Date "2024.04.02"]
[Round "2"]
[White "Bobkov, Vadim"]
[Black "Chylewski, Patryk"]
[Result "0-1"]
[WhiteElo "2267"]
[BlackElo "2285"]
[PlyCount "58"]
[EventDate "2024.04.02"]
[EventType "swiss (blitz)"]
[EventRounds "11"]
[EventCountry "USA"]
[SourceTitle "CB15_2024"]
[SourceDate "2024.04.10"]
[SourceVersion "1"]
[SourceVersionDate "2024.04.10"]
[SourceQuality "1"]

1. d4 d5 2. c4 c6 3. cxd5 cxd5 4. Bg5 Nc6 5. Nc3 Nf6 6. Bxf6 gxf6 7. e3 e6 8. Bd3 h5 9. Nf3 h4 10. h3 Bd6 11. 0-0 f5 12. Rc1 Bd7 13. Qe2 Rc8 14. a3 Qe7 15. Rc2 Rg8 16. Rfc1 Qf6 17. b4 Rd8 18. Kh1 Kf8 19. Na4 Nxd4 20. exd4 Bxa4 21. Rc8 Rxc8 22. Rxc8+ Kg7 23. Rc3 Bc6 24. b5 Bd7 25. Qe3 Rc8 26. Rxc8 Bxc8 27. a4 Bd7 28. Qd2 Qd8 29. Qc3 Be7 0-1

[Event "Titled Tuesday intern op 02nd Apr Early"]
[Site "Chess.com INT"]
[Date "2024.04.02"]
[Round "4"]
[White "Chylewski, Patryk"]
[Black "Smieszek, Wojciech"]
[Result "0-1"]
[WhiteElo "2285"]
[BlackElo "2127"]
[PlyCount "80"]
[EventDate "2024.04.02"]
[EventType "swiss (blitz)"]
[EventRounds "11"]
[EventCountry "USA"]
[SourceTitle "CB15_2024"]
[SourceDate "2024.04.10"]
[SourceVersion "1"]
[SourceVersionDate "2024.04.10"]
[SourceQuality "1"]

1. g4 e5 2. Bg2 c6 3. c4 d6 4. h3 Nf6 5. d4 Be7 6. Nc3 Be6 7. d5 cxd5 8. Nxd5 Nxd5 9. cxd5 Bd7 10. e4 Na6 11. Ne2 0-0 12. 0-0 Bg5 13. Qb3 Nc5 14. Qa3 Bb5 15. Re1 Nd3 16. Rd1 Nxc1 17. Nxc1 Qb6 18. Nd3 Rac8 19. Qb3 Rc7 20. a4 Bxd3 21. Qxb6 axb6 22. Rxd3 Rc2 23. Rb3 Bd8 24. Bf1 g6 25. Bd3 Rd2 26. Kf1 f5 27. exf5 Bh4 28. Be2 gxf5 29. Ke1 Rd4 30. Rf3 fxg4 31. Rxf8+ Kxf8 32. hxg4 Rf4 33. Ra3 Rxf2 34. Kd1 Rf4 35. Rb3 Rd4+ 36. Kc2 Rxa4 37. Rxb6 Rd4 38. Bf3 e4 39. Bg2 e3 40. Kc3 e2 0-1

[Event "Titled Tuesday intern op 02nd Apr Early"]
[Site "Chess.com INT"]
[Date "2024.04.02"]
[Round "5"]
[White "Devaev, Alexander"]
[Black "Chylewski, Patryk"]
[Result "1-0"]
[WhiteElo "2325"]
[BlackElo "2285"]
[PlyCount "137"]
[EventDate "2024.04.02"]
[EventType "swiss (blitz)"]
[EventRounds "11"]
[EventCountry "USA"]
[SourceTitle "CB15_2024"]
[SourceDate "2024.04.10"]
[SourceVersion "1"]
[SourceVersionDate "2024.04.10"]
[SourceQuality "1"]

1. d4 Nf6 2. c4 g6 3. Nc3 d5 4. Nf3 Bg7 5. Bg5 Ne4 6. cxd5 Nxg5 7. Nxg5 e6 8. Nf3 exd5 9. e3 0-0 10. b4 Re8 11. Be2 Be6 12. 0-0 Nd7 13. Rc1 Nb6 14. Na4 Nxa4 15. Qxa4 a6 16. Qc2 c6 17. a4 Qb6 18. Qc5 Qxc5 19. bxc5 Rac8 20. Nd2 Bf6 21. Rb1 Rc7 22. Nb3 Bc8 23. h3 Bd8 24. Nd2 f5 25. Bd3 Bf6 26. Nf3 Kg7 27. g3 Rf7 28. Rb3 Rc7 29. Kg2 Bd8 30. Rfb1 Be7 31. h4 Kf6 32. Ng5 h6 33. Nf3 Rh8 34. Rh1 Kg7 35. Rbb1 Bf6 36. Ng1 Rf8 37. Ne2 Re8 38. Nf4 Bd8 39. Rh2 Rce7 40. Bc2 Bc7 41. Nd3 Rf7 42. Re1 Bb8 43. f4 Bc7 44. Ne5 Bxe5 45. fxe5 Be6 46. Rf1 Ref8 47. Kg1 Rb8 48. Rb1 a5 49. Rf2 Re8 50. Bd3 Ree7 51. Kg2 Bc8 52. Kf1 Rc7 53. Ke2 Rfe7 54. Kd2 Be6 55. Rbf1 Rf7 56. h5 Rf8 57. hxg6 Kxg6 58. g4 Rcf7 59. gxf5+ Bxf5 60. Rg1+ Kh7 61. Rxf5 Rxf5 62. Rf1 Kg6 63. e6 Kg5 64. Rxf5+ Rxf5 65. Bxf5 Kf6 66. Ke2 h5 67. Kf3 h4 68. Kg2 b5 69. cxb6 1-0

[Event "Titled Tuesday intern op 02nd Apr Early"]
[Site "Chess.com INT"]
[Date "2024.04.02"]
[Round "3"]
[White "Radhakrishnan, Sharath"]
[Black "Chylewski, Patryk"]
[Result "1/2-1/2"]
[WhiteElo "1963"]
[BlackElo "2285"]
[PlyCount "154"]
[EventDate "2024.04.02"]
[EventType "swiss (blitz)"]
[EventRounds "11"]
[EventCountry "USA"]
[SourceTitle "CB15_2024"]
[SourceDate "2024.04.10"]
[SourceVersion "1"]
[SourceVersionDate "2024.04.10"]
[SourceQuality "1"]

1. e4 g6 2. d4 Bg7 3. Nf3 c6 4. Nc3 d5 5. e5 Nh6 6. h3 f6 7. Bf4 0-0 8. Qd2 Nf7 9. 0-0-0 a5 10. h4 Bg4 11. exf6 exf6 12. Bd3 Na6 13. h5 g5 14. Bg3 Nd6 15. h6 Bh8 16. Nxg5 fxg5 17. Bxd6 Bxd1 18. Bxf8 Kxf8 19. Qxd1 Qc7 20. Qf3+ Qf4+ 21. Qxf4+ gxf4 22. Ne2 Kg8 23. Rh4 Bf6 24. Rg4+ Kh8 25. Nxf4 Nb4 26. c3 Nxd3+ 27. Nxd3 Re8 28. Kd2 Re6 29. Nc5 Re7 30. f4 Rf7 31. Rg3 b6 32. Nd3 Be7 33. Rf3 Bf8 34. g4 Bxh6 35. Ke3 Bg7 36. f5 Bh6+ 37. Nf4 Re7+ 38. Kd3 Re1 39. Ne6 Kg8 40. g5 Bf8 41. g6 hxg6 42. Nxf8 Kxf8 43. fxg6+ Kg7 44. Rg3 Re6 45. b3 Rxg6 46. Re3 Kf7 47. c4 Re6 48. Rf3+ Ke7 49. Rh3 Kd7 50. Kc3 Kd6 51. Rg3 Rf6 52. a3 Rh6 53. Rf3 Rg6 54. Re3 Rh6 55. Rf3 Rg6 56. Re3 c5 57. dxc5+ bxc5 58. cxd5 Kxd5 59. Rd3+ Kc6 60. Re3 Rh6 61. a4 Rg6 62. Rf3 Rh6 63. Rg3 Rf6 64. Rh3 Kd5 65. Rh5+ Kd6 66. Rh3 Rf5 67. Kc4 Rf4+ 68. Kb5 Kd5 69. Kxa5 c4 70. bxc4+ Kxc4 71. Kb6 Rf6+ 72. Kb7 Kb4 73. Rh4+ Ka5 74. Kc7 Rf3 75. Kd6 Ra3 76. Ke5 Rxa4 77. Rxa4+ Kxa4 1/2-1/2

[Event "Titled Tuesday intern op 12th Mar Early"]
[Site "Chess.com INT"]
[Date "2024.03.12"]
[Round "6"]
[White "Jiang, Andrew"]
[Black "Chylewski, Patryk"]
[Result "1-0"]
[WhiteElo "2181"]
[BlackElo "2285"]
[PlyCount "63"]
[EventDate "2024.03.12"]
[EventType "swiss (blitz)"]
[EventRounds "11"]
[EventCountry "USA"]
[SourceTitle "CB12_2024"]
[SourceDate "2023.10.01"]
[SourceVersion "1"]
[SourceVersionDate "2023.10.01"]
[SourceQuality "1"]

1. e4 d6 2. d4 Nf6 3. Nc3 e5 4. dxe5 dxe5 5. Qxd8+ Kxd8 6. Bc4 Ke7 7. Nf3 Nbd7 8. Ng5 Nb6 9. Bb3 Be6 10. Nxe6 fxe6 11. f4 exf4 12. Bxf4 c6 13. 0-0-0 Re8 14. Rhf1 Nc8 15. e5 Nd5 16. Bg5+ Kd7 17. Nxd5 exd5 18. Rxd5+ cxd5 19. Ba4+ Ke6 20. Bxe8 Be7 21. Bf7+ Kxe5 22. Bf4+ Ke4 23. g3 Bf6 24. Re1+ Kf3 25. Bxd5+ Kf2 26. Rd1 b6 27. Rd2+ Ke1 28. Be3 Ne7 29. Bc4 Bxb2+ 30. Kxb2 Nf5 31. Re2+ Kd1 32. Bf4 1-0

[Event "POL-ch Universities"]
[Site "Lublin"]
[Date "2024.02.23"]
[Round "4"]
[White "Janik, Igor"]
[Black "Chylewski, Patryk"]
[Result "1-0"]
[WhiteElo "2499"]
[BlackElo "2285"]
[PlyCount "83"]
[EventDate "2024.02.23"]
[EventType "swiss"]
[EventRounds "9"]
[EventCountry "POL"]
[SourceTitle "CB10_2024"]
[SourceDate "2024.03.06"]
[SourceVersion "1"]
[SourceVersionDate "2024.03.06"]
[SourceQuality "1"]

1. d4 d5 2. Bf4 Nf6 3. e3 e6 4. Nf3 c5 5. c3 Nc6 6. Nbd2 cxd4 7. exd4 Nh5 8. Bg5 f6 9. Bh4 g6 10. Bb5 Bg7 11. 0-0 0-0 12. Re1 Qb6 13. Qb3 Bd7 14. Bf1 Qc7 15. Rac1 Na5 16. Qd1 b5 17. Nb3 Nxb3 18. axb3 Qb7 19. b4 a5 20. bxa5 Rxa5 21. Nd2 Ra2 22. Rb1 b4 23. c4 dxc4 24. Bxc4 Raa8 25. Ne4 Nf4 26. Bg3 Nd5 27. Qb3 Qc6 28. Nc5 Rfd8 29. Rbc1 Bc8 30. Nd3 Qb6 31. Nf4 Nxf4 32. Bxf4 Qxd4 33. Be3 Qg4 34. Qxb4 Kh8 35. h3 Qf5 36. Qe7 Rg8 37. Bd4 Qf4 38. Be3 Qf5 39. Red1 Qe4 40. Bd4 Rf8 41. Bxf6 Rxf6 42. Rd8+ 1-0

[Event "Titled Tuesday intern op 06th Feb Late"]
[Site "Chess.com INT"]
[Date "2024.02.06"]
[Round "6"]
[White "Bogaudinov, Rushan"]
[Black "Chylewski, Patryk"]
[Result "0-1"]
[WhiteElo "1853"]
[BlackElo "2285"]
[PlyCount "110"]
[EventDate "2024.02.06"]
[EventType "swiss (blitz)"]
[EventRounds "11"]
[EventCountry "USA"]
[SourceTitle "CB07_2024"]
[SourceDate "2024.02.14"]
[SourceVersion "1"]
[SourceVersionDate "2024.02.14"]
[SourceQuality "1"]

1. d4 d6 2. e3 e5 3. dxe5 dxe5 4. Qxd8+ Kxd8 5. Nf3 f6 6. Nc3 c6 7. Bd2 Kc7 8. 0-0-0 Be6 9. Bd3 Nd7 10. Kb1 Nc5 11. Bc1 Nxd3 12. cxd3 Bg4 13. h3 Bxf3 14. gxf3 Rd8 15. h4 Ne7 16. h5 Nf5 17. Ne4 Be7 18. Kc2 Rd7 19. Bd2 Rhd8 20. Bc3 Bf8 21. a3 b6 22. Ng3 Ne7 23. Ne4 Nd5 24. Ng3 Nxc3 25. Kxc3 Kd6 26. Ne2 Ke6 27. f4 c5 28. fxe5 Kxe5 29. f4+ Ke6 30. d4 Kf7 31. Kc4 cxd4 32. Nxd4 Bc5 33. b4 Be7 34. Rd3 a6 35. Rhd1 b5+ 36. Kc3 Rd5 37. Kc2 Rxh5 38. Nb3 Rc8+ 39. Kb2 Rh2+ 40. R3d2 Rxd2+ 41. Rxd2 h5 42. Rh2 Rh8 43. Nd4 g5 44. fxg5 fxg5 45. Kc2 Bf6 46. Kd3 Bxd4 47. exd4 Ke6 48. Ke4 h4 49. d5+ Kd6 50. Rc2 h3 51. Rc6+ Kd7 52. Rxa6 h2 53. Ra7+ Kd6 54. Ra6+ Kc7 55. d6+ Kb7 0-1

[Event "Titled Tuesday intern op 06th Feb Late"]
[Site "Chess.com INT"]
[Date "2024.02.06"]
[Round "2"]
[White "Chylewski, Patryk"]
[Black "Piliczewski, Bogusz"]
[Result "1-0"]
[WhiteElo "2285"]
[BlackElo "1796"]
[PlyCount "69"]
[EventDate "2024.02.06"]
[EventType "swiss (blitz)"]
[EventRounds "11"]
[EventCountry "USA"]
[SourceTitle "CB07_2024"]
[SourceDate "2024.02.14"]
[SourceVersion "1"]
[SourceVersionDate "2024.02.14"]
[SourceQuality "1"]

1. c4 c5 2. Nc3 g6 3. g3 Bg7 4. Bg2 Nc6 5. d3 e6 6. e4 Nge7 7. Nge2 Nd4 8. Be3 Nec6 9. 0-0 0-0 10. Rb1 d6 11. Qd2 Re8 12. a3 a5 13. Bg5 f6 14. Be3 e5 15. Nd5 Be6 16. Nxd4 Nxd4 17. b4 Bxd5 18. cxd5 b6 19. bxc5 bxc5 20. Rb7 Re7 21. Rfb1 Rxb7 22. Rxb7 Rb8 23. Qb2 Rxb7 24. Qxb7 f5 25. Bh3 h6 26. Bxd4 exd4 27. exf5 g5 28. Bg2 Bf6 29. Bf3 Qe7 30. Qc8+ Kg7 31. Bh5 Qf8 32. Qc7+ Be7 33. Bg6 Qd8 34. Qa7 Kf6 35. Kg2 1-0

[Event "Titled Tuesday intern op 06th Feb Late"]
[Site "Chess.com INT"]
[Date "2024.02.06"]
[Round "10"]
[White "Chylewski, Patryk"]
[Black "Slavin, Alexei"]
[Result "1-0"]
[WhiteElo "2285"]
[BlackElo "2364"]
[PlyCount "111"]
[EventDate "2024.02.06"]
[EventType "swiss (blitz)"]
[EventRounds "11"]
[EventCountry "USA"]
[SourceTitle "CB07_2024"]
[SourceDate "2024.02.14"]
[SourceVersion "1"]
[SourceVersionDate "2024.02.14"]
[SourceQuality "1"]

1. Nf3 Nc6 2. e4 d6 3. d4 Nf6 4. Nc3 Bg4 5. Bb5 a6 6. Bxc6+ bxc6 7. 0-0 e6 8. h3 Bh5 9. Re1 Be7 10. Bf4 0-0 11. Qd3 a5 12. Ne2 Bg6 13. Ng3 Nd7 14. Qd2 c5 15. c3 cxd4 16. cxd4 c5 17. Rac1 cxd4 18. Nxd4 Ne5 19. Qe3 Qb6 20. Nc6 Qb7 21. Nxe5 dxe5 22. Bxe5 Bf6 23. Bxf6 gxf6 24. Qc3 e5 25. h4 Rac8 26. Qf3 Rxc1 27. Rxc1 Qxb2 28. Rc6 h5 29. Nxh5 Bxh5 30. Qxh5 Qb1+ 31. Kh2 Qxe4 32. Rc3 Qh7 33. Rg3+ Kh8 34. Qg4 f5 35. Qg5 f6 36. Qg6 f4 37. Rg4 Qxg6 38. Rxg6 Kh7 39. h5 Rf7 40. Kh3 a4 41. Kg4 Rg7 42. Rxg7+ Kxg7 43. Kf5 Kh6 44. f3 Kxh5 45. Kxf6 Kh4 46. Kxe5 Kg3 47. Ke4 Kxg2 48. Kxf4 Kf2 49. Ke4 Ke2 50. f4 Kd2 51. f5 Kc2 52. f6 Kb2 53. f7 Kxa2 54. f8Q a3 55. Qb4 Ka1 56. Qxa3+ 1-0

[Event "Titled Tuesday intern op 06th Feb Late"]
[Site "Chess.com INT"]
[Date "2024.02.06"]
[Round "1"]
[White "Oliveira, Tiago Batista"]
[Black "Chylewski, Patryk"]
[Result "1/2-1/2"]
[WhiteElo "1982"]
[BlackElo "2285"]
[PlyCount "107"]
[EventDate "2024.02.06"]
[EventType "swiss (blitz)"]
[EventRounds "11"]
[EventCountry "USA"]
[SourceTitle "CB07_2024"]
[SourceDate "2024.02.14"]
[SourceVersion "1"]
[SourceVersionDate "2024.02.14"]
[SourceQuality "1"]

1. d4 g6 2. c4 Bg7 3. Nc3 c5 4. d5 Bxc3+ 5. bxc3 f5 6. Nf3 Nf6 7. Bh6 Qa5 8. Qb3 d6 9. Bg7 Rg8 10. Bxf6 exf6 11. Qb5+ Qxb5 12. cxb5 Nd7 13. e3 Ne5 14. Kd2 Ng4 15. Ke2 Bd7 16. Rb1 Kf7 17. h3 Ne5 18. Kd2 Rge8 19. Be2 c4 20. Nd4 g5 21. f4 gxf4 22. exf4 Ng6 23. g3 Rac8 24. Rb4 Rc5 25. Bxc4 Rec8 26. Kd3 Ne7 27. Ra4 a6 28. Rb1 axb5 29. Nxb5 Bxb5 30. Rxb5 Rxb5 31. Bxb5 Rc5 32. c4 Nxd5 33. cxd5 Rxb5 34. Kc4 Rb2 35. Rb4 Rxa2 36. Rxb7+ Kg6 37. Rd7 Ra3 38. g4 Rxh3 39. gxf5+ Kxf5 40. Rxd6 h5 41. Rd8 Kxf4 42. Rf8 f5 43. d6 Rh1 44. d7 Rc1+ 45. Kb3 Rd1 46. d8Q Rxd8 47. Rxd8 h4 48. Rh8 Kg3 49. Kc3 h3 50. Kd2 h2 51. Ke3 Kg2 52. Kf4 h1Q 53. Rxh1 Kxh1 54. Kxf5 1/2-1/2

[Event "Titled Tuesday intern op 23rd Jan Late"]
[Site "Chess.com INT"]
[Date "2024.01.23"]
[Round "3"]
[White "Chylewski, Patryk"]
[Black "Grischuk, Alexander"]
[Result "0-1"]
[WhiteElo "2285"]
[BlackElo "2732"]
[PlyCount "80"]
[EventDate "2024.01.23"]
[EventType "swiss (blitz)"]
[EventRounds "11"]
[EventCountry "USA"]
[SourceTitle "CB05_2024"]
[SourceDate "2024.01.31"]
[SourceVersion "1"]
[SourceVersionDate "2024.01.31"]
[SourceQuality "1"]

1. Nf3 d5 2. d4 Nf6 3. c4 c6 4. cxd5 cxd5 5. Nc3 Nc6 6. Bf4 Bf5 7. e3 e6 8. Qb3 Bb4 9. Ne5 Bxc3+ 10. Qxc3 Nxe5 11. Bxe5 0-0 12. Bxf6 Qxf6 13. Bd3 Rac8 14. Qd2 Qg6 15. Bxf5 Qxf5 16. 0-0 Rc2 17. Qb4 b6 18. a4 h5 19. a5 bxa5 20. Rxa5 Rfc8 21. Rxa7 Rxf2 22. Qe1 Rxf1+ 23. Qxf1 Qxf1+ 24. Kxf1 Rb8 25. Ra2 Rb3 26. Kf2 g5 27. Kf3 Kg7 28. g3 Kg6 29. h4 f6 30. hxg5 fxg5 31. Ra6 Kf5 32. Ra8 g4+ 33. Kf2 Rxb2+ 34. Kf1 Ke4 35. Re8 Kf3 36. Ke1 Re2+ 37. Kf1 Rxe3 38. Rh8 Rd3 39. Ke1 Rxd4 40. Rxh5 Kxg3 0-1

[Event "Titled Tuesday intern op 16th Jan Late"]
[Site "Chess.com INT"]
[Date "2024.01.16"]
[Round "3"]
[White "Chirilov, James A"]
[Black "Chylewski, Patryk"]
[Result "1-0"]
[WhiteElo "2121"]
[BlackElo "2285"]
[PlyCount "149"]
[EventDate "2024.01.16"]
[EventType "swiss (blitz)"]
[EventRounds "11"]
[EventCountry "USA"]
[SourceTitle "CB04_2024"]
[SourceDate "2023.10.16"]
[SourceVersion "1"]
[SourceVersionDate "2023.10.16"]
[SourceQuality "1"]

1. e4 c5 2. Nf3 Nc6 3. d4 cxd4 4. Nxd4 g6 5. Nc3 Bg7 6. Be3 Nf6 7. Bc4 0-0 8. f3 Re8 9. Qd2 e6 10. Bb3 d5 11. exd5 Nxd5 12. Nxd5 exd5 13. 0-0-0 Ne5 14. Kb1 a6 15. Bh6 Bh8 16. h4 Nc4 17. Qf2 Qb6 18. h5 a5 19. a4 Qf6 20. hxg6 hxg6 21. Qg3 Bd7 22. Bg5 Qe5 23. Qh4 Bg7 24. Qh7+ Kf8 25. f4 Qd6 26. Rhe1 Ne3 27. Bh6 Bxh6 28. Qxh6+ Kg8 29. Rd3 Ng4 30. Rxe8+ Rxe8 31. Qh4 Qf6 32. Qg3 Re4 33. Nf3 Qxf4 34. Qh4 Nf6 35. Qh1 Bxa4 36. Bxd5 Nxd5 37. Rxd5 Re8 38. Rd4 Re4 39. Rd5 Qf6 40. Qd1 Bc6 41. Rd8+ Re8 42. Rd6 Qe7 43. Rd3 a4 44. Nd4 Qe1 45. Ka2 Qxd1 46. Rxd1 Bd5+ 47. Ka3 Bxg2 48. Kxa4 Bc6+ 49. Kb4 g5 50. Kc5 f6 51. b4 Be4 52. Re1 Rc8+ 53. Kb6 Bxc2 54. Rc1 Bf5 55. Rf1 Be4 56. Rxf6 Rc4 57. Nb5 Rxb4 58. Kc5 Rb1 59. Nd6 Bc6 60. Rg6+ Kh7 61. Rxg5 Rc1+ 62. Kd4 Rd1+ 63. Kc5 Rc1+ 64. Kb6 Rb1+ 65. Kc7 Re1 66. Nf5 Rd1 67. Rg7+ Kh8 68. Rg3 Rd7+ 69. Kb6 Rf7 70. Nd6 Rf6 71. Kc7 Re6 72. Nf7+ Kh7 73. Ng5+ Kg6 74. Nxe6+ Kf5 75. Re3 1-0

[Event "Titled Tuesday intern op 16th Jan Late"]
[Site "Chess.com INT"]
[Date "2024.01.16"]
[Round "9"]
[White "Chylewski, Patryk"]
[Black "Ambartsumova, Karina"]
[Result "1-0"]
[WhiteElo "2285"]
[BlackElo "2418"]
[PlyCount "93"]
[EventDate "2024.01.16"]
[EventType "swiss (blitz)"]
[EventRounds "11"]
[EventCountry "USA"]
[SourceTitle "CB04_2024"]
[SourceDate "2023.10.16"]
[SourceVersion "1"]
[SourceVersionDate "2023.10.16"]
[SourceQuality "1"]

1. d4 Nf6 2. Nf3 e6 3. g3 d5 4. Bg2 b5 5. 0-0 Be7 6. a4 b4 7. c4 0-0 8. Qc2 Bb7 9. Nbd2 c5 10. dxc5 Na6 11. c6 Bxc6 12. Ne5 Bb7 13. Rd1 Qc7 14. Ndf3 Rac8 15. Bf4 Qa5 16. Nd2 Nc5 17. Nb3 Nxb3 18. Qxb3 Qa6 19. Rac1 dxc4 20. Bxb7 Qxb7 21. Rxc4 Nd5 22. Bd2 a5 23. Rdc1 Nb6 24. Rxc8 Rxc8 25. Rxc8+ Qxc8 26. Nf3 Bf6 27. Be3 Nd5 28. Bd4 Bxd4 29. Nxd4 Qc5 30. Qc2 Qxc2 31. Nxc2 Kf8 32. e4 Nb6 33. b3 Ke7 34. Kf1 Kd6 35. Ke2 Kc5 36. Kd3 Nd7 37. f4 e5 38. Ne3 exf4 39. gxf4 g5 40. Nc4 gxf4 41. Nxa5 Ne5+ 42. Ke2 Kd4 43. Nb7 Kc3 44. Nc5 Kd4 45. Nb7 Kxe4 46. a5 f3+ 47. Kf1 1-0

[Event "Titled Tuesday intern op 16th Jan Late"]
[Site "Chess.com INT"]
[Date "2024.01.16"]
[Round "5"]
[White "Kujawski, Adam"]
[Black "Chylewski, Patryk"]
[Result "0-1"]
[WhiteElo "2111"]
[BlackElo "2285"]
[PlyCount "86"]
[EventDate "2024.01.16"]
[EventType "swiss (blitz)"]
[EventRounds "11"]
[EventCountry "USA"]
[SourceTitle "CB04_2024"]
[SourceDate "2023.10.16"]
[SourceVersion "1"]
[SourceVersionDate "2023.10.16"]
[SourceQuality "1"]

1. d4 Nf6 2. Bf4 d5 3. e3 c5 4. c3 Nc6 5. Nd2 Bf5 6. Qb3 Qc8 7. Ngf3 e6 8. Nh4 Bg4 9. h3 Bh5 10. g4 Bg6 11. Nxg6 hxg6 12. Bg2 Be7 13. 0-0 0-0 14. Bg3 Rd8 15. Rae1 Qd7 16. Kh2 Rac8 17. dxc5 Bxc5 18. e4 dxe4 19. Nxe4 Nxe4 20. Bxe4 Qe7 21. Rd1 Bd6 22. Bxc6 Rxc6 23. Bxd6 Rcxd6 24. Rxd6 Qxd6+ 25. Kg2 Rd7 26. Qc4 b6 27. Qe4 Qd2 28. Rb1 Rd5 29. a3 Qg5 30. Re1 Qd8 31. Re2 b5 32. Qf3 a6 33. Qe4 Rd3 34. Qe5 Rd1 35. Qe4 Qd6 36. Qf3 Rd5 37. Qe4 g5 38. Qf3 g6 39. Qe4 Rd3 40. Qe5 Qd8 41. Qe4 Rd1 42. Qe5 Rc1 43. Qe3 Qd1 0-1

[Event "Titled Tuesday intern op 16th Jan Late"]
[Site "Chess.com INT"]
[Date "2024.01.16"]
[Round "10"]
[White "Mendes, Aaron Reeve"]
[Black "Chylewski, Patryk"]
[Result "1-0"]
[WhiteElo "2309"]
[BlackElo "2285"]
[PlyCount "105"]
[EventDate "2024.01.16"]
[EventType "swiss (blitz)"]
[EventRounds "11"]
[EventCountry "USA"]
[SourceTitle "CB04_2024"]
[SourceDate "2023.10.16"]
[SourceVersion "1"]
[SourceVersionDate "2023.10.16"]
[SourceQuality "1"]

1. d4 Nf6 2. Nc3 d5 3. Bf4 a6 4. e3 e6 5. Bd3 c5 6. Nf3 c4 7. Be2 Nc6 8. Ne5 Nxe5 9. dxe5 Nd7 10. e4 d4 11. Qxd4 b5 12. a4 Bc5 13. Qd2 Rb8 14. axb5 axb5 15. 0-0 0-0 16. Rfd1 Qc7 17. Nd5 exd5 18. e6 Bd6 19. Bxd6 Qxd6 20. exd7 Bxd7 21. Qxd5 Qxd5 22. exd5 Rfe8 23. Bf3 b4 24. Ra7 Bf5 25. c3 bxc3 26. bxc3 Red8 27. d6 Kf8 28. g4 Be6 29. Ra6 h6 30. Kg2 Rb3 31. Rc1 Rb2 32. Kg3 Rd2 33. Rd1 Rc2 34. Ra3 Rb2 35. Ra8 Rxa8 36. Bxa8 Ke8 37. Bc6+ Kd8 38. Ra1 Rb8 39. Ra7 Rc8 40. Ba4 Rb8 41. f4 g6 42. f5 gxf5 43. gxf5 Bd5 44. Rd7+ Kc8 45. Rc7+ Kd8 46. Kf4 f6 47. Rd7+ Kc8 48. Rh7 Rb6 49. d7+ Kc7 50. Rh8 Rd6 51. Rc8+ Kb7 52. d8Q Rxd8 53. Rxd8 1-0

[Event "Titled Tuesday intern op 16th Jan Late"]
[Site "Chess.com INT"]
[Date "2024.01.16"]
[Round "1"]
[White "Sarana, Alexey"]
[Black "Chylewski, Patryk"]
[Result "1-0"]
[WhiteElo "2695"]
[BlackElo "2285"]
[PlyCount "109"]
[EventDate "2024.01.16"]
[EventType "swiss (blitz)"]
[EventRounds "11"]
[EventCountry "USA"]
[SourceTitle "CB04_2024"]
[SourceDate "2023.10.16"]
[SourceVersion "1"]
[SourceVersionDate "2023.10.16"]
[SourceQuality "1"]

1. d4 Nf6 2. c4 c6 3. Nc3 d5 4. Nf3 e6 5. Bg5 Nbd7 6. e3 Qa5 7. Nd2 dxc4 8. Bxf6 Nxf6 9. Nxc4 Qc7 10. Rc1 Be7 11. g3 0-0 12. Bg2 Nd5 13. 0-0 Nxc3 14. Rxc3 Rd8 15. Qc2 Bf6 16. f4 Qe7 17. Ne5 Bd7 18. Rc1 Be8 19. a3 a5 20. Be4 g6 21. Kg2 Bxe5 22. fxe5 f6 23. exf6 Qxf6 24. Rf1 Qe7 25. Rc5 Bf7 26. h4 Rf8 27. h5 Kg7 28. Qe2 gxh5 29. Bf3 Bg6 30. Re5 Rae8 31. Rh1 Rf5 32. Bxh5 Rxe5 33. dxe5 Qg5 34. Bxg6 hxg6 35. Rd1 Re7 36. e4 Qxe5 37. Rh1 Rd7 38. Rf1 Rd4 39. Rf4 Qd6 40. Qf3 Rd2+ 41. Kh3 Qe7 42. e5 Rd5 43. Qe3 Qc7 44. Rh4 Qxe5 45. Qh6+ Kf7 46. Rf4+ Qxf4 47. Qxf4+ Ke7 48. Qc7+ Rd7 49. Qxa5 Kf7 50. Qb4 Kf6 51. a4 Kf7 52. Qc5 Kf6 53. Qf8+ Ke5 54. Qf4+ Kd5 55. Qd2+ 1-0

[Event "Titled Tuesday intern op 16th Jan Late"]
[Site "Chess.com INT"]
[Date "2024.01.16"]
[Round "8"]
[White "Sroczynski, Maciej"]
[Black "Chylewski, Patryk"]
[Result "0-1"]
[WhiteElo "2266"]
[BlackElo "2285"]
[PlyCount "64"]
[EventDate "2024.01.16"]
[EventType "swiss (blitz)"]
[EventRounds "11"]
[EventCountry "USA"]
[SourceTitle "CB04_2024"]
[SourceDate "2023.10.16"]
[SourceVersion "1"]
[SourceVersionDate "2023.10.16"]
[SourceQuality "1"]

1. d4 Nf6 2. Nf3 c5 3. d5 g6 4. Nc3 Bg7 5. e4 d6 6. h3 0-0 7. Be2 Na6 8. 0-0 Nc7 9. a4 e6 10. Bg5 exd5 11. exd5 Re8 12. Qd2 Bf5 13. Bd3 Bxd3 14. Qxd3 Qd7 15. Rfe1 Rxe1+ 16. Nxe1 Re8 17. a5 Na6 18. Qf3 Qe7 19. Nd3 h6 20. Bh4 g5 21. Bg3 Qd8 22. Nb5 Ne4 23. Re1 Nxg3 24. Rxe8+ Qxe8 25. Nxd6 Ne2+ 26. Kf1 Qd7 27. Ne4 Nd4 28. Nf6+ Bxf6 29. Qxf6 Qxd5 30. Qxh6 Ne6 31. Qf6 c4 32. Ne5 Qd1# 0-1

[Event "POL-chT 1st League"]
[Site "Leba"]
[Date "2023.09.27"]
[Round "5.6"]
[White "Klimkowski, Jan"]
[Black "Chylewski, Patryk"]
[Result "1/2-1/2"]
[WhiteElo "2506"]
[BlackElo "2284"]
[PlyCount "171"]
[EventDate "2023.09.23"]
[EventType "team-swiss"]
[EventRounds "9"]
[EventCountry "POL"]
[SourceTitle "EXT 2024"]
[Source "ChessBase"]
[SourceDate "2023.10.10"]
[SourceVersion "1"]
[SourceVersionDate "2023.10.10"]
[SourceQuality "1"]
[WhiteTeam "Konin UKS Smecz"]
[BlackTeam "Chylice Laura"]
[WhiteTeamCountry "POL"]
[BlackTeamCountry "POL"]

1. d4 d5 2. c4 e6 3. Nc3 a6 4. cxd5 exd5 5. Bf4 Nf6 6. e3 Bd6 7. Bxd6 Qxd6 8. Bd3 0-0 9. h3 Nbd7 10. Nf3 b6 11. 0-0 Bb7 12. Re1 Rfe8 13. Rc1 c5 14. b3 Qe7 15. Bf5 Rad8 16. Bxd7 Nxd7 17. dxc5 Nxc5 18. Qd4 Rd6 19. Rcd1 Red8 20. Ne2 Bc8 21. Nf4 Bf5 22. b4 Ne4 23. Rc1 Qb7 24. Red1 Nf6 25. Qe5 Be4 26. Nd2 Bg6 27. Nxg6 hxg6 28. Nf3 Rc6 29. a3 Rdc8 30. Rxc6 Qxc6 31. Qd4 Qc2 32. Rf1 b5 33. Qa7 Qc6 34. Ne5 Qe6 35. Nd3 Ne4 36. Nf4 Qc6 37. Qd4 Nc3 38. Re1 Qd6 39. Nd3 Ne4 40. Nc5 Nf6 41. e4 Qc6 42. e5 Nd7 43. Rc1 Qa8 44. f4 Nxc5 45. bxc5 Qb7 46. Kh2 Qc6 47. g4 Rb8 48. f5 Re8 49. Re1 a5 50. Kg1 Qd7 51. Rf1 Rb8 52. e6 fxe6 53. Qe5 Rf8 54. fxe6 Rxf1+ 55. Kxf1 Qc6 56. Qb8+ Kh7 57. Qd6 Qe8 58. c6 b4 59. axb4 axb4 60. c7 b3 61. Qb6 b2 62. Qxb2 Qxe6 63. Qb7 Qf6+ 64. Kg2 Qe5 65. Kf2 Qd4+ 66. Ke2 Qc4+ 67. Kd2 Qd4+ 68. Kc2 Qc4+ 69. Kb2 Qd4+ 70. Kb3 Qc4+ 71. Ka3 Qc3+ 72. Ka4 Qc4+ 73. Ka5 Qc5+ 74. Ka6 Qa3+ 75. Kb5 Qb2+ 76. Ka6 Qa2+ 77. Kb6 Qf2+ 78. Kc6 Qf6+ 79. Kc5 Qc3+ 80. Kb6 Qd4+ 81. Kc6 Qf6+ 82. Kc5 Qc3+ 83. Kb5 Qb2+ 84. Ka6 Qa2+ 85. Kb6 Qf2+ 86. Kc6 1/2-1/2